| 000 | 01178nam a22003017a 4500 | ||
|---|---|---|---|
| 001 | 4838 | ||
| 003 | FISKH | ||
| 005 | 20241017135717.0 | ||
| 008 | 241017b cb ||||| |||| 00| 0 eng d | ||
| 020 | _a9780545117791 | ||
| 040 |
_aFISKH _beng _cFISKH _dFISKH |
||
| 050 | _aPZ7.W6493 | ||
| 082 | _a823.92 | ||
| 100 | _aWilkinson, Carole | ||
| 245 |
_aGarden of the Purple Dragon / _cby Carole Wilkinson |
||
| 250 | _aThis edition first printing, December 2008 | ||
| 260 |
_aNew York : _bScholastic ; _c2005 . |
||
| 300 |
_a354 pages : _billustration ; _c20 cm . |
||
| 490 |
_aDragonkeeper _vBook 2 |
||
| 505 | _aR | ||
| 520 | _aIn China during the Han Dynasty, young Ping, doubting that she is the true dragonkeeper, struggles to care for the baby dragon, Kai, in the desolate mountains of Tai Shan, until fate leads her back to the Imperial Palace and the Garden of the Purple Dragon, but even in the safety of the palace, enemies abound and tempt her to try to escape her destiny. | ||
| 521 | 8 |
_a730
_bLexile |
|
| 521 | 8 |
_aR
_bRaz-Plus |
|
| 650 |
_adragon _vfiction |
||
| 700 |
_aPeter, Knecht _etranslator |
||
| 942 |
_2ddc _cBK _n0 |
||
| 999 |
_c4838 _d4838 |
||